Normale Ansicht MARC-Ansicht ISBD

Menschenrechte : (Titelsatznr. 48935)

[ MARC ]
MARC-Details
000 -Satzkennung
Kontrollfeld mit fester Länge 00718nam a22002531c 4500
001 - Kontrollnummer
Kontrollfeld 023249870
008 - Feld mit fester Länge zur physischen Beschreibung - Allgemeine Angaben
Kontrollfeld mit fester Länge 170510s1977 gw |||| 000u ger d
020 ## - Internationale Standardbuchnummer
Internationale Standardbuchnummer 3499141922
Verknüpfung 3-499-14192-2
041 ## - Sprachcode
Sprachcode des Textes/der Tonspur oder des separaten Titels ger
040 ## - Katalogisierungsquelle
Übertragungsstelle RU-10907106
003 - Kontrollnummer Identifier
Kontrollfeld RU-10907106
245 00 - Titel
Titel Menschenrechte :
Zusatz zum Titel ein Jahrbuch zu Osteuropa /
Verfasserangabe etc. hrsg. von Jiri Pelikán; Manfred Wilke
250 ## - Ausgabebezeichnung
Ausgabebezeichnung Orig.-Ausg.
264 ## - Produktion, Veröffentlichung, Distribution, Herstellung und Urheberrechtsvermerk
Herstellungs-, Veröffentlichungs- Vertriebs-, Erzeugungsort Reinbek bei Hamburg :
Produzent, Herausgeber, Distributor, Hersteller Rowohlt,
Datum der Herstellung, der Veröffentlichung, des Vertriebs oder des Urheberschutzvermerks 1977
300 ## - Physische Beschreibung
Umfang 477 S.
490 #0 - Gesamttitelangabe
Gesamttitelangabe Jahrbuch zu Osteuropa
Bandnummer/Folgebezeichnung [1]
650 #0 - Nebeneintragung unter einem Schlagwort - Sachschlagwort
Sachschlagwort oder geografischer Name als Eintragungselement Menschenrecht
650 #0 - Nebeneintragung unter einem Schlagwort - Sachschlagwort
Sachschlagwort oder geografischer Name als Eintragungselement Opposition
651 #0 - Nebeneintragung unter einem Schlagwort - Geografischer Name
Geografischer Name Osteuropa
651 #0 - Nebeneintragung unter einem Schlagwort - Geografischer Name
Geografischer Name Sowjetunion
700 1# - Nebeneintragung - Personenname
Personenname Pelikán, Jiří
Funktionsbezeichnung HerausgeberIn
700 1# - Nebeneintragung - Personenname
Personenname Wilke, Manfred
Funktionsbezeichnung HerausgeberIn
942 ## - Zusätzliche Felder (Koha)
Koha-Medientyp Monographien
Exemplare
Ausgeschieden Verloren Klassifikation oder Aufstellungssystematik Beschädigt Nicht entleihbar Heimatbibliothek Aufenthaltsbibliothek Aufstellungsort Erwerbungsdatum Inventarnummer Signatur Barcode Letzte Aktivität Preis gültig von Koha-Medientyp
    Andere/Generische Klassifikation     MWN Osteuropa MWN Osteuropa Lesesaal - 1 10/05/2017 17-02232 W 65 F ec Pel E004015073F842B5 23/02/2021 22/03/2021 Monographien